[Event "Kvika Reykjavik Open 2022"]
[Site "Reykjavik ISL"]
[Date "2022.04.09"]
[Round "5.18"]
[White "Larkin, Vladyslav"]
[Black "Sowray, Peter J"]
[Result "1-0"]
[WhiteTitle "IM"]
[BlackTitle "FM"]
[WhiteElo "2424"]
[BlackElo "2243"]
[WhiteFideId "14152894"]
[BlackFideId "400971"]
[EventDate "2022.04.06"]

1. d4 d5 2. Nf3 Nf6 3. e3 e6 4. Bd3 c5 5. c3 Nc6 6. Nbd2 Bd6 7. dxc5 Bxc5 8. O-O
O-O 9. e4 dxe4 10. Nxe4 Nxe4 11. Bxe4 Qxd1 12. Rxd1 f6 13. b4 Bb6 14. a4 Bc7 15.
a5 a6 16. Be3 e5 17. Bb6 Bxb6 18. axb6 Rb8 19. Ne1 Ne7 20. Bc2 Bg4 21. f3 Bh5
22. Nd3 Nc8 23. Nc5 Nxb6 24. Rd6 Nc8 25. Rd7 Nb6 26. Bb3+ Bf7 27. Rxf7 Rxf7 28.
Rd1 Kf8 29. Rd6 Na8 30. Bxf7 Kxf7 31. Rd7+ Kg6 32. Ne6 Nb6 33. Rxg7+ Kh6 34. Rg4
Rc8 35. Ng7 1-0

[Event "Kvika Reykjavik Open 2022"]
[Site "Reykjavik ISL"]
[Date "2022.04.09"]
[Round "5.21"]
[White "Willow, Jonah B"]
[Black "Popvasilev, Kaloyan"]
[Result "1/2-1/2"]
[WhiteTitle "FM"]
[WhiteElo "2411"]
[BlackElo "2191"]
[WhiteFideId "438804"]
[BlackFideId "2919281"]
[EventDate "2022.04.06"]

1. e4 c5 2. Nf3 d6 3. d4 Nf6 4. Nc3 cxd4 5. Nxd4 Nc6 6. Bg5 e6 7. Qd2 a6 8.
O-O-O Bd7 9. f4 b5 10. Bxf6 gxf6 11. Kb1 Qb6 12. Nxc6 Bxc6 13. Qe1 O-O-O 14. Bd3
h5 15. f5 b4 16. Ne2 e5 17. Qh4 Be7 18. Bc4 Rdg8 19. Ng3 Rg4 20. Qh3 Qe3 21. Be2
Rxg3 22. Bxa6+ Kc7 23. Qxg3 Qxg3 24. hxg3 Bxe4 25. g4 Ra8 26. Bd3 Bxg2 27. Rxh5
d5 28. Rh7 Bf3 29. Rg1 Rf8 30. Re1 Bc5 31. Be2 e4 32. Bxf3 exf3 33. Rf1 f2 34.
Kc1 Kd6 35. Kd2 Ke5 36. Ke2 Kf4 37. Rd1 Kg3 38. Kf1 Re8 39. a4 bxa3 40. bxa3 Be3
41. Rxd5 Kxg4 42. Rh1 Bb6 43. Kg2 Rg8 44. Rdd1 Kf4+ 45. Kf1 Rg3 46. Ke2 Rxa3 47.
Rd3 Ra7 48. Rb1 Re7+ 49. Kf1 Bc5 50. Rd5 Ba7 51. c4 Be3 52. c5 Kf3 53. Rd3 Ke4
54. Rc3 Bd4 55. Rcc1 Kd5 56. c6 Rc7 57. Rb5+ Kd6 58. Rc4 Be3 59. Rb3 Bc5 60. Rb7
Rxc6 61. Rxf7 Kd5 62. Rc1 Bd4 63. Rd7+ Rd6 64. Re7 Rd8 65. Rd1 Kc4 66. Rc7+ Kd5
67. Rh7 Ke5 68. Re7+ Kxf5 69. Re2 Bb6 70. Rxd8 Bxd8 71. Kxf2 Bc7 72. Kf3 Be5 73.
Ra2 Bd6 74. Ra5+ Be5 75. Rb5 Ke6 76. Ke4 Kd6 77. Rb6+ Kc7 78. Ra6 Kb7 79. Re6
Ka8 80. Kd5 Kb7 81. Kc5 Ka8 82. Kb6 Bd4+ 83. Ka6 Ba7 84. Re8+ Bb8 85. Kb6 f5 86.
Rf8 f4 87. Kc6 f3 88. Kb6 f2 89. Kc6 f1=Q 90. Rxf1 Ba7 91. Rf7 Bb8 92. Kb6 Bg3
93. Rf3 Bh2 94. Rf1 Bg3 95. Rf5 Bh2 96. Rh5 Bg1+ 97. Kc7 Bf2 98. Rh3 Bg1 99.
Rh8+ Ka7 100. Rh1 Bb6+ 101. Kc6 Bf2 102. Rh2 Be3 103. Rh8 Bf2 104. Re8 Bg1 105.
Rf8 Be3 106. Rf7+ Ka8 107. Kc7 Bg1 108. Rf1 Bh2+ 109. Kb6 Bg3 110. Rf3 Bh2 111.
Rh3 Bg1+ 112. Kc7 Bf2 113. Kc6 Bg1 114. Rg3 Bf2 115. Rg2 Be3 116. Rg4 Bf2 117.
Rg2 Be3 118. Re2 Bg1 119. Kc7 Bd4 120. Re8+ Ka7 121. Re4 Bb6+ 122. Kc6 Bg1 123.
Rg4 Bf2 124. Rg7+ Ka8 125. Kc7 Be3 126. Rg4 Bf2 127. Ra4+ Ba7 128. Kc8 1/2-1/2

[Event "Kvika Reykjavik Open 2022"]
[Site "Reykjavik ISL"]
[Date "2022.04.09"]
[Round "5.22"]
[White "Villiers, Thomas"]
[Black "Korley, Kassa"]
[Result "0-1"]
[WhiteTitle "CM"]
[BlackTitle "IM"]
[WhiteElo "2219"]
[BlackElo "2400"]
[WhiteFideId "427209"]
[BlackFideId "2033801"]
[EventDate "2022.04.06"]

1. e4 e6 2. d4 d5 3. Nc3 Bb4 4. exd5 exd5 5. a3 Bxc3+ 6. bxc3 Nf6 7. Bd3 O-O 8.
Ne2 b6 9. O-O Ba6 10. Bxa6 Nxa6 11. Qd3 Qc8 12. Ng3 Re8 13. Bf4 Qg4 14. Be5 Nc5
15. Qb5 Qd7 16. Qxd7 Ncxd7 17. Bxf6 Nxf6 18. Rfe1 g6 19. f3 Kf8 20. Kf2 Rad8 21.
Nf1 Rd6 22. Rxe8+ Kxe8 23. Ke2 h5 24. h4 Nd7 25. Nd2 Nf8 26. Nb3 Ne6 27. Ke3 Ng7
28. g4 Re6+ 29. Kd2 Kd7 30. Rg1 Rf6 31. Ke3 Re6+ 32. Kd2 Re8 33. Nc1 Rh8 34. Rh1
Ne8 35. Nd3 Nd6 36. Ne5+ Ke6 37. Kd3 b5 38. Re1 Kf6 39. g5+ Kg7 40. Nc6 Nf5 41.
Rh1 Ra8 42. Nb4 Ne7 43. Re1 Kf8 44. Na6 c6 45. Nc5 Nf5 46. Nd7+ Kg7 47. Rh1 Re8
48. Ne5 c5 49. Rh3 Re6 50. Rh1 cxd4 51. cxd4 Ra6 52. Kc3 Ra4 53. Rb1 a6 54. Re1
Rxa3+ 55. Kb4 Nxd4 56. Kc5 Nxf3 57. Nxf3 Rxf3 58. Kxd5 Rf4 0-1

[Event "Kvika Reykjavik Open 2022"]
[Site "Reykjavik ISL"]
[Date "2022.04.09"]
[Round "5.23"]
[White "Louis, Thibault"]
[Black "Tania, Sachdev"]
[Result "0-1"]
[WhiteTitle "FM"]
[BlackTitle "IM"]
[WhiteElo "2181"]
[BlackElo "2392"]
[WhiteFideId "681369"]
[BlackFideId "5007844"]
[EventDate "2022.04.06"]

1. e4 e5 2. Nf3 Nc6 3. Bb5 a6 4. Ba4 Nf6 5. O-O b5 6. Bb3 Bb7 7. d4 Nxd4 8. Nxd4
exd4 9. e5 Ne4 10. c3 d3 11. Qxd3 Nc5 12. Qg3 Nxb3 13. axb3 Qe7 14. Nd2 Qe6 15.
b4 O-O-O 16. Nf3 h6 17. Nd4 Qd5 18. f4 d6 19. Qf3 dxe5 20. Qxd5 Bxd5 21. fxe5
Kb7 22. Bf4 g6 23. Ra3 c5 24. bxc5 Bxc5 25. b4 Bb6 26. Rfa1 Ra8 27. Kf1 Bc4+ 28.
Ke1 Rhe8 29. Kd2 Bc7 30. Bxh6 Bxe5 31. Nf3 Bc7 32. Be3 Bd5 33. Rf1 Rad8 34. Bd4
Bf4+ 35. Kd1 Rd7 36. g3 Bc7 37. Kd2 Rde7 38. Ng1 f5 39. Raa1 Bc4 40. Rfe1 f4 41.
g4 f3 42. Rxe7 Rxe7 43. Nxf3 Bf4+ 44. Kc2 Re2+ 45. Kd1 Rg2 46. Ke1 Bd5 47. Ng1
Bd2+ 48. Kf1 Rxh2 49. Bf2 Bc4+ 50. Ne2 Be3 51. Bxe3 Rxe2 52. Re1 Rxe3+ 0-1

[Event "Kvika Reykjavik Open 2022"]
[Site "Reykjavik ISL"]
[Date "2022.04.09"]
[Round "5.25"]
[White "Domalchuk-Jonasson, Aleksandr"]
[Black "Song, Julien"]
[Result "0-1"]
[BlackTitle "IM"]
[WhiteElo "2169"]
[BlackElo "2373"]
[WhiteFideId "14142805"]
[BlackFideId "659487"]
[EventDate "2022.04.06"]

1. d4 Nf6 2. c4 e6 3. Nc3 Bb4 4. e3 O-O 5. Bd2 d5 6. Nf3 b6 7. cxd5 exd5 8. Rc1
c5 9. Bd3 c4 10. Bb1 Bg4 11. h3 Bh5 12. g4 Bg6 13. Bxg6 fxg6 14. O-O Bxc3 15.
Bxc3 Ne4 16. Bb4 Rf6 17. Ne5 Nc6 18. Nxc6 Rxc6 19. f3 Nf6 20. e4 a5 21. Ba3 b5
22. Bc5 dxe4 23. fxe4 Nd7 24. Qf3 Nxc5 25. dxc5 Qd4+ 26. Qf2 Qxc5 27. Qxc5 Rxc5
28. Rcd1 Rf8 29. Rxf8+ Kxf8 30. Rd7 b4 31. Kf2 c3 32. bxc3 Rxc3 33. Ke2 Rxh3 34.
e5 h5 35. g5 Rg3 36. Ra7 Ra3 37. e6 h4 38. Rf7+ Ke8 39. Rxg7 h3 40. Rxg6 h2 41.
Rh6 b3 42. g6 bxa2 43. g7 Rg3 44. Rxh2 a1=Q 45. Rh8+ Ke7 46. g8=Q Rxg8 47. Rxg8
Kxe6 48. Rg3 Qb2+ 49. Kd1 a4 0-1

[Event "Kvika Reykjavik Open 2022"]
[Site "Reykjavik ISL"]
[Date "2022.04.09"]
[Round "5.26"]
[White "Decosse, Jean-Fabien"]
[Black "Dishman, Stephen"]
[Result "0-1"]
[WhiteTitle "CM"]
[WhiteElo "2160"]
[BlackElo "2339"]
[WhiteFideId "622583"]
[BlackFideId "403024"]
[EventDate "2022.04.06"]

1. d4 d5 2. c4 c6 3. Nf3 Nf6 4. e3 Bf5 5. Nc3 e6 6. Nh4 Be4 7. f3 Bg6 8. Qb3 Qc7
9. Nxg6 hxg6 10. Bd2 Be7 11. O-O-O dxc4 12. Bxc4 b5 13. Bd3 a5 14. Qc2 Na6 15.
Ne2 O-O 16. Kb1 a4 17. Rc1 Rfc8 18. e4 a3 19. b3 Qb7 20. Be3 c5 21. dxc5 Nxc5
22. Bxc5 Bxc5 23. Qd2 Qb6 24. Rhd1 Rc7 25. Qe1 Rac8 26. Rc2 Nd7 27. f4 Nb8 28.
Nc3 Bf8 29. Rdc1 Qd4 30. Nxb5 Qxd3 31. Nxc7 Rxc7 32. Qe2 Qxe2 33. Rxe2 Rxc1+ 34.
Kxc1 Nc6 35. Kd2 Nb4 36. Kc3 f5 37. Kd4 Kf7 38. h4 Be7 39. g3 fxe4 40. Kxe4 Bf6
41. Rd2 Bb2 42. Rd7+ Kf8 43. Ra7 Nxa2 44. Kd3 Nb4+ 45. Kc4 a2 46. Kxb4 a1=Q 47.
Rxa1 Bxa1 48. Kc5 e5 49. b4 exf4 50. gxf4 Bf6 51. b5 Bxh4 52. Kd4 0-1

[Event "Kvika Reykjavik Open 2022"]
[Site "Reykjavik ISL"]
[Date "2022.04.09"]
[Round "5.27"]
[White "Marie, Maxime"]
[Black "Brunello, Marina"]
[Result "0-1"]
[WhiteTitle "CM"]
[BlackTitle "IM"]
[WhiteElo "2150"]
[BlackElo "2337"]
[WhiteFideId "625590"]
[BlackFideId "822590"]
[EventDate "2022.04.06"]

1. c4 e5 2. g3 Nf6 3. Bg2 c6 4. Nf3 e4 5. Nd4 Qb6 6. e3 d5 7. cxd5 cxd5 8. d3
Nc6 9. Nxc6 bxc6 10. dxe4 Nxe4 11. O-O Ba6 12. Re1 Bb4 13. Nd2 O-O 14. Qc2 f5
15. a3 Bxd2 16. Bxd2 c5 17. Rad1 Rac8 18. b3 d4 19. Bc1 Rfd8 20. Bxe4 fxe4 21.
Qxe4 d3 22. Bd2 Bb7 23. Qg4 Qxb3 24. e4 Ba8 25. Rc1 Qf7 26. Re3 h5 27. Qg5 c4
28. Bc3 Re8 29. Rf3 Qd7 30. Rf6 Rxe4 31. Rd6 Qb7 32. f3 Rg4 33. Rd8+ Rxd8 34.
Qxd8+ Kh7 35. Qe8 Rxg3+ 36. hxg3 Qxf3 37. Qxa8 Qxa8 38. Rf1 Qd5 0-1

[Event "Kvika Reykjavik Open 2022"]
[Site "Reykjavik ISL"]
[Date "2022.04.09"]
[Round "5.29"]
[White "Heimisson, Hilmir Freyr"]
[Black "Zysko, Jan"]
[Result "1-0"]
[WhiteTitle "FM"]
[WhiteElo "2321"]
[BlackElo "2110"]
[WhiteFideId "2309998"]
[BlackFideId "1141589"]
[EventDate "2022.04.06"]

1. c4 Nf6 2. Nc3 g6 3. Nf3 Bg7 4. g3 O-O 5. Bg2 d6 6. d4 c5 7. dxc5 dxc5 8. Ne5
Nbd7 9. Nd3 Nb6 10. Qb3 Be6 11. Nxc5 Bxc4 12. Qa3 Nbd5 13. Bd2 b5 14. Nxd5 Nxd5
15. Rd1 a5 16. Bc1 b4 17. Qa4 Qd6 18. Qc2 Qxc5 19. Bxd5 Bc3+ 20. bxc3 Bxd5 21.
O-O Bb7 22. Bh6 Rfc8 23. c4 Qc6 24. f3 Qe6 25. c5 f6 26. e4 g5 27. h4 gxh4 28.
g4 Qe5 29. Be3 Bc6 30. Rd2 Rd8 31. Rh2 Bb5 32. Rc1 Rd3 33. Qf2 Rad8 34. Re1 Rd1
35. Rxh4 Qa1 36. Rxd1 Rxd1+ 37. Kg2 Rb1 38. Bd4 1-0

[Event "Kvika Reykjavik Open 2022"]
[Site "Reykjavik ISL"]
[Date "2022.04.09"]
[Round "5.31"]
[White "Sarkar, Justin"]
[Black "Foerster-Yialamas, Lucas"]
[Result "1-0"]
[WhiteTitle "IM"]
[BlackTitle "CM"]
[WhiteElo "2314"]
[BlackElo "2075"]
[WhiteFideId "2010011"]
[BlackFideId "30901774"]
[EventDate "2022.04.06"]

1. d4 Nf6 2. c4 g6 3. g3 c6 4. Bg2 d5 5. Nf3 Bg7 6. b3 O-O 7. O-O Bf5 8. Bb2
Nbd7 9. Nc3 Ne4 10. e3 Rc8 11. Nd2 Nxc3 12. Bxc3 Nf6 13. Rc1 Qb6 14. Re1 Rfd8
15. c5 Qc7 16. b4 Qd7 17. a4 h5 18. f3 Bh6 19. Qe2 Re8 20. Qf1 g5 21. e4 dxe4
22. fxe4 Bg6 23. Nc4 g4 24. Rcd1 Nh7 25. Ne5 Qc7 26. Nxg6 fxg6 27. Qc4+ e6 28.
d5 Ng5 29. d6 Qd7 30. Rf1 Rf8 31. Bd2 Rxf1+ 32. Rxf1 Nh3+ 33. Bxh3 Bxd2 34. Bg2
Be3+ 35. Kh1 Bg5 36. h4 Bh6 37. Rf6 Re8 38. Rxg6+ Kh7 39. Rf6 Bg7 40. Rf1 Be5
41. Qd3 Rg8 42. b5 cxb5 43. Qxb5 Qxb5 44. axb5 Bxg3 45. e5 Bxe5 46. Re1 Bxd6 47.
cxd6 Kg7 48. Rxe6 Kf7 49. Re7+ Kf6 50. Rxb7 Ke5 51. d7 Kf4 52. Rxa7 Kg3 53. Ra8
Rg6 54. d8=B Re6 55. Ra3+ Kf2 56. Bc7 Re1+ 57. Kh2 Rb1 58. b6 g3+ 59. Bxg3+ Ke2
60. b7 Rd1 61. b8=R Rd8 62. Bf3+ Kf1 63. Ra1+ 1-0

[Event "Kvika Reykjavik Open 2022"]
[Site "Reykjavik ISL"]
[Date "2022.04.09"]
[Round "5.32"]
[White "Murphy, Ryan"]
[Black "Bjornsson, Sigurbjorn"]
[Result "0-1"]
[BlackTitle "FM"]
[WhiteElo "2051"]
[BlackElo "2306"]
[WhiteFideId "2082438"]
[BlackFideId "2300974"]
[EventDate "2022.04.06"]

1. e4 c5 2. Nf3 d6 3. Bb5+ Nd7 4. c3 a6 5. Ba4 Nf6 6. Qe2 b5 7. Bc2 Bb7 8. O-O
g6 9. d4 Bg7 10. e5 dxe5 11. dxe5 Bxf3 12. gxf3 Nh5 13. e6 fxe6 14. a4 Rb8 15.
axb5 axb5 16. Qxe6 Rb6 17. Qh3 O-O 18. Rd1 Rd6 19. Rxd6 exd6 20. Qe6+ Kh8 21.
Be4 Nb6 22. Ra6 Re8 23. Qg4 d5 24. Bxg6 hxg6 25. Qxg6 Nf6 26. Bh6 Bxh6 27. Qxh6+
Kg8 28. Qg6+ Kf8 29. Nd2 Nbd7 30. Nf1 Qe7 31. Ng3 Qg7 32. Qf5 Qf7 33. Kg2 Re5
34. Ra8+ Kg7 35. Qb1 Nh5 36. Ra7 Nf4+ 37. Kh1 Qe6 38. Ra1 Qh3 39. Qf1 Qxf1+ 40.
Rxf1 Nd3 41. h4 Nf6 42. Kg2 Ne1+ 43. Kh3 Nxf3 44. Ra1 d4 45. cxd4 cxd4 46. Ra7+
Kf8 47. Ra8+ Kf7 48. Ra7+ Re7 49. Ra3 Ne5 50. Rb3 d3 51. Nf1 Rd7 52. Rxb5 Nc4
53. b3 d2 54. Nxd2 Nxd2 55. Re5 Nde4 56. h5 Nxf2+ 57. Kg2 Rd2 58. Kf3 N2g4 59.
Ra5 Ke6 60. Ra6+ Kf5 61. Ra5+ Ne5+ 62. Ke3 Rd3+ 63. Ke2 Rh3 64. h6 Kf4 65. b4
Rh2+ 66. Kd1 Ne4 67. h7 Nd3 68. h8=Q Rd2# 0-1

[Event "Kvika Reykjavik Open 2022"]
[Site "Reykjavik ISL"]
[Date "2022.04.09"]
[Round "5.35"]
[White "Olesen, Poul Erik Norgaard"]
[Black "Vardaan, Nagpal"]
[Result "0-1"]
[BlackTitle "IM"]
[WhiteElo "2010"]
[BlackElo "2372"]
[WhiteFideId "1404253"]
[BlackFideId "25089544"]
[EventDate "2022.04.06"]

1. e4 e5 2. Bc4 Nf6 3. d3 c6 4. Bb3 d5 5. Nd2 a5 6. c3 Bd6 7. Ngf3 O-O 8. O-O
Nbd7 9. Re1 Re8 10. Nf1 h6 11. Ng3 Nf8 12. Nh4 dxe4 13. dxe4 Bc5 14. Be3 Bxe3
15. Rxe3 Qxd1+ 16. Rxd1 a4 17. Bc4 Be6 18. Bxe6 Nxe6 19. f3 g6 20. Re2 Red8 21.
Red2 Rxd2 22. Rxd2 Kf8 23. Kf2 Ke7 24. Ne2 Nd7 25. g3 Nb6 26. Ng2 Nc4 27. Rc2
Nc5 28. Nc1 Rd8 29. Ne3 Nxe3 30. Kxe3 Rd1 31. b4 Ne6 32. Nd3 f6 33. Nb2 Re1+ 34.
Re2 Rc1 35. Nxa4 b5 36. Kd2 Ra1 37. Nc5 Nxc5 38. bxc5 Rxa2+ 39. Kd3 Ra4 40. Rc2
Ra3 41. Rb2 Ke6 42. Kc2 f5 43. Rb3 Ra7 44. Rb1 Ra2+ 45. Kb3 Ra4 46. Rd1 fxe4 47.
fxe4 Rxe4 48. Rd6+ Kf5 49. Rxc6 Rc4 50. Rc8 Ke4 51. c6 Ke3 52. c7 e4 53. Rg8
Rxc7 54. Rxg6 Kd2 55. Rd6+ Ke2 56. Rd5 e3 57. Rxb5 Rf7 58. Re5 Kf2 59. c4 e2 60.
c5 Rf3+ 61. Kc4 Re3 0-1

[Event "Kvika Reykjavik Open 2022"]
[Site "Reykjavik ISL"]
[Date "2022.04.09"]
[Round "5.37"]
[White "Kolbus, Dietmar"]
[Black "Moerman, Thomas"]
[Result "1-0"]
[WhiteTitle "IM"]
[WhiteElo "2312"]
[BlackElo "2022"]
[WhiteFideId "4610628"]
[BlackFideId "235644"]
[EventDate "2022.04.06"]

1. c4 Nf6 2. Nf3 e6 3. g3 d5 4. Bg2 Be7 5. O-O O-O 6. b3 c5 7. cxd5 Nxd5 8. Bb2
Bf6 9. Qc1 Qe7 10. Nc3 Nxc3 11. Bxc3 Bxc3 12. Qxc3 Nc6 13. Rac1 b6 14. d4 Nb4
15. Qb2 cxd4 16. Nxd4 Bb7 17. Bxb7 Qxb7 18. Rc4 Nd5 19. Rfc1 Rac8 20. Nc6 b5 21.
Rc5 b4 22. a3 Nc3 23. axb4 Rxc6 24. Rxc6 Qxc6 25. Qxc3 Qb7 26. Qc5 h6 27. f3 Rb8
28. Rc4 Qa6 29. Qc7 Rb7 30. Qd8+ Kh7 31. Qd3+ g6 32. Qd4 Qb6 33. Qxb6 axb6 34.
b5 Kg7 35. Kf2 Kf6 36. Ke3 Ke5 37. Rc6 Kd5 38. f4 Ra7 39. Kd3 f5 40. Rxb6 Ra3
41. Kc3 Ra2 42. Rc6 Rxe2 43. Rc8 1-0

[Event "Kvika Reykjavik Open 2022"]
[Site "Reykjavik ISL"]
[Date "2022.04.09"]
[Round "5.40"]
[White "Valkama, Eero"]
[Black "Carlsson, Gustav"]
[Result "1-0"]
[WhiteTitle "FM"]
[WhiteElo "2244"]
[BlackElo "2008"]
[WhiteFideId "507555"]
[BlackFideId "1734148"]
[EventDate "2022.04.06"]

1. e4 e6 2. d4 d5 3. Nd2 Nf6 4. e5 Nfd7 5. f4 c5 6. c3 Nc6 7. Ndf3 Qb6 8. a3 a5
9. b3 Be7 10. Ne2 Qc7 11. Be3 b6 12. g4 h5 13. gxh5 Rxh5 14. Ng3 Rh8 15. Kf2 a4
16. b4 c4 17. f5 Nf8 18. Qc2 exf5 19. Nxf5 Ne6 20. h4 g6 21. Ng3 Ng7 22. Bg2 Nf5
23. Qd1 Nxg3 24. Kxg3 Bf5 25. Bf4 Qd7 26. Ng5 Nd8 27. Qf3 Be6 28. h5 gxh5 29.
Rxh5 Rg8 30. Qe3 Nc6 31. Kf2 O-O-O 32. Nh7 Rg6 33. Bf3 Rdg8 34. Rah1 Bg4 35.
Bxg4 Qxg4 36. Qh3 Qxh3 37. R5xh3 Rg2+ 38. Kf3 Ra2 39. Rh6 Rg6 40. Rxg6 fxg6 41.
Nf6 Rxa3 42. Nxd5 Bxb4 43. Ke4 Bxc3 44. Nxb6+ Kb7 45. Nxc4 Ra1 46. Rxa1 Bxa1 47.
d5 Ne7 48. d6 Nc6 49. d7 Nd8 50. Kd5 Bc3 51. Bg5 Kc7 52. e6 Bb4 53. Bxd8+ Kxd8
54. Ne5 Kc7 55. Nc6 1-0

[Event "Kvika Reykjavik Open 2022"]
[Site "Reykjavik ISL"]
[Date "2022.04.09"]
[Round "5.42"]
[White "Bartelt, Max Peter"]
[Black "Povah, Nigel E"]
[Result "1/2-1/2"]
[BlackTitle "IM"]
[WhiteElo "1949"]
[BlackElo "2216"]
[WhiteFideId "12967289"]
[BlackFideId "400467"]
[EventDate "2022.04.06"]

1. d4 Nf6 2. Bg5 d5 3. Bxf6 gxf6 4. e3 c5 5. Nc3 e6 6. Qh5 cxd4 7. exd4 Nc6 8.
O-O-O Bb4 9. Nge2 Bd7 10. f4 f5 11. g4 fxg4 12. f5 Rg8 13. h4 gxh3 14. Qxh7 Qg5+
15. Kb1 Qg7 16. Qh4 Qg5 17. Qf2 O-O-O 18. Bxh3 Bd6 19. Nb5 Bb8 20. c4 dxc4 21.
d5 exd5 22. Rxd5 Qf6 23. Nec3 Rge8 24. Rhd1 Re5 25. Ka1 Rxd5 26. Nxd5 Qe5 27.
Qc5 c3 28. bxc3 f6 29. Nd4 Bd6 30. Qc4 Kb8 31. Bg2 Nxd4 32. cxd4 Qg3 33. Bh1
Bxf5 34. Qb5 Bd7 35. Qb2 Ba3 36. Qb1 Bc6 37. Rd3 Qd6 38. Ne3 Bxh1 39. Qxh1 Qa6
40. Rc3 Bd6 41. Nf5 Bb4 42. Rc2 Qd3 43. Qh2+ Ka8 44. Qc7 Rb8 45. a3 Qxa3+ 46.
Kb1 Qb3+ 47. Ka1 Qd3 48. Rc4 Ba5 49. Qc5 Bb6 50. Qd5 Re8 51. Qe6 Rb8 52. Kb2 a6
53. Nd6 Bxd4+ 54. Kc1 Rh8 55. Rc8+ Ka7 56. Rxh8 Be3+ 57. Kb2 Bd4+ 58. Kc1 Be3+
59. Kb2 1/2-1/2

[Event "Kvika Reykjavik Open 2022"]
[Site "Reykjavik ISL"]
[Date "2022.04.09"]
[Round "5.43"]
[White "Green, Per"]
[Black "Cherniack, Alex"]
[Result "1/2-1/2"]
[WhiteElo "1946"]
[BlackElo "2213"]
[WhiteFideId "1703811"]
[BlackFideId "2007606"]
[EventDate "2022.04.06"]

1. c4 c5 2. g3 Nc6 3. Bg2 g6 4. Nc3 Bg7 5. Nf3 d6 6. O-O Nf6 7. d4 cxd4 8. Nxd4
Bd7 9. Nxc6 Bxc6 10. e4 O-O 11. Qe2 Nd7 12. Bd2 a6 13. Rac1 b5 14. b3 bxc4 15.
Qxc4 Ne5 16. Qe2 Bb7 17. f4 Nc6 18. Be3 Rc8 19. Na4 Qa5 20. Qf2 Nb4 21. Qd2 Qb5
22. Rfd1 Rxc1 23. Rxc1 Rc8 24. Rxc8+ Bxc8 25. Bf1 Qb7 26. Nb6 Nc6 27. Nxc8 Qxc8
28. Bc4 Bf8 29. Qd5 e6 30. Qd2 Qb7 31. Bf2 Nb4 32. a3 Nc6 33. b4 Nb8 34. Qd3 Be7
35. h3 Bf8 36. Kh2 Be7 37. Be3 Bf8 38. g4 Qc7 39. Kg2 Qb7 40. Kg1 Be7 41. Bf2
Bf8 42. Bh4 Qc7 43. f5 Nc6 44. Bg3 Ne5 45. Bxe5 dxe5 46. fxe6 fxe6 47. Bxe6+ Kg7
48. Bc4 a5 49. b5 Qc5+ 50. Kg2 Qxa3 51. Qxa3 Bxa3 52. Kf3 Bc5 53. Bb3 g5 54. Ke2
Kf6 55. Kd3 Ke7 56. Kc4 Kd6 57. Ba4 h6 58. Bb3 Bb6 1/2-1/2

[Event "Kvika Reykjavik Open 2022"]
[Site "Reykjavik ISL"]
[Date "2022.04.09"]
[Round "5.45"]
[White "Player, Edmund C"]
[Black "Gudmundsson, Gunnar Erik"]
[Result "1-0"]
[WhiteElo "2196"]
[BlackElo "1904"]
[WhiteFideId "406520"]
[BlackFideId "2314339"]
[EventDate "2022.04.06"]

1. e4 c5 2. Nf3 Nc6 3. Bb5 g6 4. Bxc6 dxc6 5. d3 Bg7 6. h3 e5 7. Be3 b6 8. a4 a5
9. Nbd2 Qc7 10. Nc4 Be6 11. O-O Ne7 12. Nfd2 O-O 13. b4 axb4 14. a5 bxa5 15.
Bxc5 Rfe8 16. Ra4 Qb8 17. Qa1 Qb5 18. Rxa5 Rxa5 19. Qxa5 Bxc4 20. Nxc4 Nc8 21.
Qxb4 Qxb4 22. Bxb4 Bf8 23. Bxf8 Kxf8 24. Rb1 f6 25. Na5 Ne7 26. Rb6 Rc8 27. Kf1
Kf7 28. Ke2 f5 29. Nc4 Ke6 30. Rb7 fxe4 31. dxe4 Re8 32. Ra7 g5 33. g3 h5 34.
Rc7 h4 35. gxh4 gxh4 36. Ke3 Rc8 37. Rxc8 Nxc8 38. Kf3 Ne7 39. Kg4 Kf6 40. Kxh4
Ng6+ 41. Kg4 Nf4 42. h4 Ne2 43. h5 Nd4 44. Ne3 Ne2 45. Kh4 Nc3 46. Ng4+ Kg7 47.
f3 1-0

[Event "Kvika Reykjavik Open 2022"]
[Site "Reykjavik ISL"]
[Date "2022.04.09"]
[Round "5.50"]
[White "Finnbogadottir, Tinna Kristin"]
[Black "Bergsson, Stefan"]
[Result "0-1"]
[WhiteElo "1848"]
[BlackElo "2109"]
[WhiteFideId "2300214"]
[BlackFideId "2301393"]
[EventDate "2022.04.06"]

1. d4 Nf6 2. Nf3 g6 3. e3 Bg7 4. Bd3 O-O 5. O-O c5 6. c3 d6 7. Nbd2 Nc6 8. Re1
e5 9. dxc5 dxc5 10. Qc2 Qc7 11. e4 Bg4 12. Bf1 Rab8 13. g3 b5 14. Bg2 Rfd8 15.
Nf1 h6 16. Be3 c4 17. Rad1 a5 18. h3 Be6 19. a3 Rdc8 20. g4 Nd7 21. Ng3 Nb6 22.
Nh2 b4 23. axb4 axb4 24. Qc1 Kh7 25. Bc5 Bf8 26. Bxf8 Rxf8 27. Qe3 Na4 28. Rd2
bxc3 29. bxc3 Rb3 30. Rc1 Nb4 31. Nf5 gxf5 32. gxf5 Bc8 33. Ng4 Qc6 34. Nxe5 Qa6
35. Bf1 Nd3 36. Nxd3 cxd3 37. Bxd3 Qf6 38. e5 Rg8+ 39. Kf1 Qh4 40. Ra1 Rxc3 41.
f6+ Kh8 42. Rxa4 Rc1+ 43. Ke2 Qh5+ 44. Qf3 Re1+ 45. Kxe1 Qxf3 46. Rh4 Rg1+ 47.
Bf1 Rxf1+ 48. Kxf1 Bxh3+ 49. Ke1 Qh1+ 50. Ke2 Bf1+ 51. Ke1 Qxh4 52. Kxf1 Qh1+
53. Ke2 Qh5+ 54. f3 Qxe5+ 55. Kf2 Qxf6 56. Re2 h5 57. Kg2 Qg5+ 58. Kf2 f5 59.
Re1 h4 60. Rg1 Qd2+ 61. Kf1 h3 62. f4 Qxf4+ 63. Ke2 h2 64. Ra1 Qe5+ 0-1

[Event "Kvika Reykjavik Open 2022"]
[Site "Reykjavik ISL"]
[Date "2022.04.09"]
[Round "5.51"]
[White "Mahajan, Rushaan"]
[Black "Mitra, Akash"]
[Result "1/2-1/2"]
[WhiteTitle "CM"]
[WhiteElo "2101"]
[BlackElo "1866"]
[WhiteFideId "30934222"]
[BlackFideId "1726714"]
[EventDate "2022.04.06"]

1. Nf3 e6 2. g3 f5 3. Bg2 Nf6 4. O-O d6 5. d4 Be7 6. c4 O-O 7. Nc3 a5 8. Qc2 Nc6
9. e4 fxe4 10. Nxe4 e5 11. d5 Nb4 12. Nxf6+ Bxf6 13. Qe2 Qe8 14. a3 Na6 15. Nd2
Nc5 16. Rb1 a4 17. Be4 Bg5 18. Bc2 Bh3 19. Re1 Bxd2 20. Bxd2 Qd7 21. Be3 b6 22.
Bxc5 bxc5 23. Be4 Rf6 24. b4 cxb4 25. Rxb4 Raf8 26. f3 Bf5 27. Rf1 g5 28. c5
dxc5 29. Rc4 Qf7 30. Kg2 h5 31. Qd3 g4 32. Bxf5 Rxf5 33. f4 Qh7 34. Rxa4 h4 35.
Re4 exf4 36. Rexf4 Rxf4 37. Qxh7+ Kxh7 38. gxf4 Rf5 39. Re1 Rxd5 40. Re6 Rd6 41.
Re5 Rc6 42. Kf2 c4 43. Rh5+ Kg6 44. Rg5+ Kf6 45. Ke1 Rd6 46. Rxg4 c3 47. Rg2 Ra6
48. Ra2 Kf5 49. Kd1 Kxf4 50. Kc2 h3 51. a4 Rg6 52. Kxc3 Rg2 53. Kb3 Ke5 54. Ra1
Rxh2 55. a5 Rg2 56. a6 h2 57. a7 Rg8 58. Rh1 Ra8 59. Rxh2 Rxa7 60. Rh5+ Kd4 61.
Rh4+ Kc5 62. Rc4+ Kb6 63. Rh4 Ra5 64. Rh6+ c6 65. Kb4 Rg5 66. Kc4 Rg4+ 67. Kc3
Kb5 68. Rh5+ c5 69. Rh8 Rg3+ 70. Kc2 Kb4 71. Rh4+ c4 72. Rh8 Rg2+ 73. Kb1 Kb3
74. Rb8+ Kc3 75. Rd8 Rg1+ 76. Ka2 Kc2 77. Rh8 Rd1 78. Rh3 c3 79. Rh7 Rd5 80.
Rh2+ Rd2 81. Rh1 Re2 82. Rg1 Re7 83. Rg2+ Kd1 84. Kb3 Re3 85. Rc2 1/2-1/2